NFL Quarterbacks by Jersey Number Easy - Statistics

General Stats
  • This quiz has been taken 369 times
  • The average score is 20 of 20
Answer Stats
Name Number % Correct
Tua Tagovailoa 1
100%
Jalen Hurts 1
100%
Justin Fields 1
100%
Kyler Murray 1
100%
Patrick Mahomes 15
100%
Anthony Richardson 5
100%
Lamar Jackson 8
100%
Will Levis/Lord Levis 8
100%
Kirk Cousins 8
100%
Bryce Young 9
100%
Aaron Rodgers 12
99%
Josh Allen 17
99%
Ryan Tannehill 17
99%
Zach Wilson 2
99%
Dak Prescott 4
99%
Derek Carr 4
99%
Deshaun Watson 4
99%
C.J Stroud 7
99%
Justin Herbert 10
98%
Brock Purdy 13
98%
No matching quizzes found
Score Distribution
Percent of People with Each Score
Percentile by Number Answered
Your Score History
You have not taken this quiz